LIBRARY & INFORMATION CENTRE, KCAET, TAVANUR

ONLINE PUBLIC ACCESS CATALOGUE (OPAC)

Engineering mechanics / (Record no. 9856)

MARC details
000 -LEADER
fixed length control field 00368cam a2200145ua 4500
003 - CONTROL NUMBER IDENTIFIER
control field OSt
008 - FIXED-LENGTH DATA ELEMENTS--GENERAL INFORMATION
fixed length control field 240119b |||||||| |||| 00| 0 eng d
041 ## - LANGUAGE CODE
Language code of text/sound track or separate title eng
082 ## - DEWEY DECIMAL CLASSIFICATION NUMBER
Classification number 620.101
Item number SAD/EN
100 ## - MAIN ENTRY--AUTHOR NAME
Personal name Sadhu, Singh .
245 ## - TITLE STATEMENT
Title Engineering mechanics /
260 ## - PUBLICATION, DISTRIBUTION, ETC. (IMPRINT)
Place of publication New Delhi :
Name of publisher Oxford & IBH Publishing company ,
Year of publication 1983.
300 ## - PHYSICAL DESCRIPTION
Number of Pages 473 ; .
942 ## - ADDED ENTRY ELEMENTS (KOHA)
Koha item type Books
Holdings
Withdrawn status Lost status Damaged status Home library Current library Date acquired Full call number Accession Number Koha item type
      KAUAET KAUAET 07/04/2012 620.101 SAD/EN 16751 Books
      KAUAET KAUAET 01/09/1986 620.101 SAD/EN 15539 Books
      KAUAET KAUAET 07/04/2012 620.101 SAD/EN 14665 Books
free website counter